Economía Internacional

Uloženo v:
Podrobná bibliografie
Hlavní autor: Pugel, Thomas A (Autor)
Médium: Kniha
Jazyk:španělština
Vydáno: Madrid McGraw-Hill Interamericana 2004
Vydání:12a. ed
Témata:
Tagy: Přidat tag
Žádné tagy, Buďte první, kdo vytvoří štítek k tomuto záznamu!

MARC

LEADER 00000nam a2200000 a 4500
001 UCI5907
003 CL-VaPUC
008 080411e20040000SP |||||||||||||||||spa|d
020 |a 8448140699 
082 0 4 |a 337  |b PUG  |2 21 
100 0 |a Pugel, Thomas A  |e author  |9 528557 
245 1 0 |a Economía Internacional 
250 |a 12a. ed 
300 |a 793 p 
942 |c BK 
945 |d 20080411 00:00:00  |a jtorresc 
260 |a Madrid  |b McGraw-Hill Interamericana  |c 2004 
650 0 |a Economía internacional  |9 258254 
650 0 |a Desarrollo económico  |9 259599 
650 0 |a Globalización  |9 361930 
650 7 |a COMERCIO INTERNACIONAL  |2 CL-VaPUC  |9 528558 
650 0 |a Tratados internacionales   |9 256056 
583 |a last modification  |c 20080411 00:00:00  |k Rodrigo Vera 
999 |c 329548  |d 329546 
952 |0 0  |1 0  |4 0  |6 337_000000000000000_PUG_2004  |7 0  |8 A  |9 414423  |a BIBENE  |b BIBENE  |d 2019-11-22  |i 4476255  |o 337 PUG 2004  |p 4476255  |r 2025-01-15  |w 2019-11-22  |y BK  |k ICO